000 00870nam a2200265Ia 4500
003 OSt
005 20220923211848.0
006 a|||||r|||| 00| 0
007 ta
008 220922b |||||||| |||| 00| 0 hin d
024 _a60,716
037 _cTextual
040 _aARTS
_cARTS
_bhin
041 _2hin
_ahin
082 _aQ21:226, 152M2
100 _aजोशी, सतीशचन्द्र, संपा.
_9161631
245 0 _aवराह पुराण
246 _aVarāh purāṇa
260 _aनई दिल्ली
_b धर्मग्रन्थ प्रकाशन
_c1982
300 _a192पृ.
_ccm.
650 _a पुराण
650 _aधर्मशास्त्र
942 _hQ21:226, 152M2
_cTEXL
_2CC
999 _c304189
_d304189